000
00292nam a2200133Ia 4500
005
20251222141840.0
008
251222s9999||||xx |||||||||||||| ||spa||
020
_a
84-7386-298-8
082
_a
922.21/M84
100
_a
Montoto, Ángel
245
0
_a
Blanco
264
_b
Ultramar
942
_c
LIB
999
_c
7380
_d
7380